000 01704nam a2200469 i 4500
001 36734
003 KOSZ 005
005 20201210132905.0
008 001010s1999 pl f |100 0 pol d
020 _a8387344508
040 _cKOSZ 005
_aKOSZ 005
_dKOSZ 005/HR
041 w _apol
_ager
046 _k1999
080 _a658.566:"1989/..."
080 _a005.51
080 _a339.56(438)
080 _a339.56(430)
080 _a(06)
245 0 0 _aUsługi logistyczne na współczesnym rynku wymiany towarowej :
_bIV polsko-niemiecka konferencja logistyczna, Poznań 17 września 1999 /
_cInstytut Logistyki i Magazynowania.
246 1 1 _aLogistikdienstleistungen für den gegenwärtigen Warenaustausch
260 _aPoznań :
_bILiM,
_c1999.
300 _a95, [4] s. :
_bmapy, rys. ;
_c24 cm.
336 _2rdacontent
_aTekst
_btxt
337 _2rdamedia
_aBezurządzenia pośredniczącego
_bn
338 _2rdacarrier
_aWolumin
_bnc
380 _aKsiążki
380 _aPublikacje naukowe
388 _a1901-2000
388 _a1989-2000
500 _aTyt. równol.: "Logistikdienstleistungen für den gegen wärtigen Warenaustausch : vierte polnish-deutsche Logistikkonferenz".
650 7 _aLogistyka gospodarcza
650 7 _aInnowacje
650 7 _aHandel międzynarodowy
651 7 _aPolska
651 7 _aNiemcy
655 _aMateriały konferencyjne
658 _aGospodarka, ekonomia, finanse
658 _aTransport i logistyka
710 0 _aInstytut Logistyki i Magazynowania
856 _uhttp://koha.tu.koszalin.pl/cgi-bin/koha/opac-detail.pl?biblionumber=36734
_yKatalog online BPK
942 _cKS
_2UKD
999 _c36734
_d36734